| 000 | 01037cam a2200289 a 4500 | ||
|---|---|---|---|
| 001 | 000549819 | ||
| 003 | AM-YeHGA | ||
| 005 | 20250617140003.0 | ||
| 008 | 820113d1980 enka b 001 0 eng d | ||
| 020 | _a0714113387 (set) | ||
| 020 | _a0714113395 (v. 1) | ||
| 020 | _a0714113409 (v. 2) | ||
| 040 | _aAM-YeHGA | ||
| 041 | 0 | _aeng | |
| 043 | _ae-uk-en | ||
| 110 | 2 |
_aBritish Museum. _bDept. of Medieval and Later Antiquities. |
|
| 245 | 1 | 0 |
_aCatalogue of medieval lead-glazed earthenware tiles in the Department of Medieval and Later Antiquities, British Museum / _cElizabeth S. Eames. |
| 260 |
_aLondon : _bBritish Museum Publications, _c1980. |
||
| 300 |
_a2 v. : _bill. (some col.) ; _c30 cm. |
||
| 504 | _aBibliogr.: v. 1, p. 766-781. | ||
| 500 | _aIncludes indexes. | ||
| 505 | 0 |
_gVol. 1 (793, [6] p.) : _tText and catalogue ; _gVol. 2 ([206] p.) : _tThe plates |
|
| 650 | 0 | _aTiles, Medieval. | |
| 610 | 2 | 0 |
_aBritish Museum. _bDept. of Medieval and Later Antiquities. |
| 700 | 1 | _aEames, Elizabeth S. | |
| 090 | _c212610 | ||
| 999 |
_c211101 _d211101 |
||